Provinces française de l'Ancien Régime et leur capitale - Statistiques

Statistiques générales
  • Ce quiz a été pris 376 fois
    365 depuis la dernière actualisation
  • Le résultat moyen est 28 sur 39
Statistiques - réponses
Province Capitale % Correct
Alsace Strasbourg
97%
Seine Paris
96%
Flandre Lille
93%
Orléanais Orléans
93%
Lyonnais Lyon
92%
Provence Marseille
90%
Bourgogne Dijon
88%
Auvergne Clermont-Ferrand
87%
Comté de Foix Foix
86%
Bretagne Nantes
85%
Gascogne ET Guyenne Bordeaux
84%
Touraine Tours
84%
Champagne Reims
83%
Normandie Rouen
83%
Picardie Amiens
81%
Angoumois Angoulême
81%
Poitou Poitiers
79%
Lorraine Nancy
78%
Franche-Comté Besançon
77%
Limousin Limoges
76%
Béarn Pau
76%
Navarre Pau
76%
Dauphiné Grenoble
75%
Languedoc Toulouse
75%
Artois Arras
73%
Roussillon Perpignan
72%
Saumurois Saumur
70%
Nivernais Nevers
69%
Boulonnais Boulogne
67%
Berry Bourges
62%
Aunis La Rochelle
61%
Maine Le Mans
61%
Saintonge Saintes
56%
Bourbonnais Moulins
46%
Beauce Chartres
44%
Marche Guéret
39%
Hainaut (capitale en Belgique) Mons
24%
Perche Alençon
23%
Île-de-France Soissons
5%
Aucun quiz correspondant
Distribution des résultats
% des personnes avec chaque résultat
Percentile par nombre de réponses
Votre historique - résultats
Vous n’avez pas pris ce quiz depuis la dernière actualisation